Normal view
MARC view
- Fields, Donna Lee
Entry Nombre Personal
001 - NUMERO DE CONTROL
- campo de control: 41796
003 - IDENTIFICADOR DE NUMERO DE CONTROL
- campo de control: UPN
005 - FECHA Y HORA DE LA ÜLTIMA TRANSACCIÓN
- campo de control: 20210219194612.0
008 - DATOS DE LONGITUD FIJA
- campo de control de longitud fija: nabaccnnaabn|||||||||| b |nc|||||d
035 ## - NUMERO DE CONTROL
- Número de control: UPN11000013903
040 ## - FUENTE DE CATALOGACIÓN
- Lenguaje de catalogación: SPA
- Agencia de transcripción: UPN
100 1# - ENCABEZAMIENTO - NOMBRE PERSONAL
- Nombre personal: Fields, Donna Lee
670 ## - FUENTE EN LA QUE SE LOCALIZARON DATOS
- Cita de la fuente: T
- Uniform Resource Identifier: https://www.amazon.com/Donna-Lee-Fields/e/B0733WGW8V
680 ## - NOTA PUBLICA DE ACCESO PÚBLICO
- Frase explicativa de la referencia: Profesora estadounidense en La Florida Universitaria y en la Universidad Internacional de Valencia, España. Se especializa en clases magistrales, el enfoque CLIL y las prácticas innovadoras de EFL
902 ## - CATALOGADOR
- Catalogador: BDV/091018
